00340nam a2200121Ia 4500003000400000005001700004008004100021040001800062041000800080100003400088245006100122260003500183OSt20260127093628.0211028s2017 xx 000 0 und d cAIMIT LIBRARY aeng aMaya; Dhananjaya, K.g1516083 aStudy on employee absenteesim at mahindra and mahindra / aMangalorebDhananjaya K.c2017